Statistiken für Fußball: Städte Europas mit mehr als einem Erstligisten (Saison 23/24)

Klicken Sie hier um das Quiz zu spielen!

Allgemein

  • Dieses Quiz wurde 307 mal gespielt
  • Das Durchschnittsergebnis liegt bei 13 aus 20

Antwortstatistiken

Anzahl 23/24% Korrekt
7London
96%
3Madrid
95%
3Lissabon
85%
2Mailand
85%
8Istanbul
84%
2Manchester
84%
2Wien
84%
2Rom
80%
2Glasgow
76%
2Liverpool
73%
2Brüssel
68%
3Rotterdam
62%
2Turin
62%
2Zürich
62%
2Porto
61%
2Sevilla
55%
2Brügge
31%
2Edinburgh
30%
2Linz
18%
2Lausanne
8%

Verteilung der Resultate

Perzentil nach korrekt beantworteten Fragen

Anzahl Personen mit jedem Resultat

Ihre Resultats-Entwicklung

Sie haben dieses Quiz noch nicht gespielt